[Event "Brno II etapa-A"]
[Site "Brno"]
[Date "2004.05.18"]
[Round "9"]
[White "Pelikan, Karel"]
[Black "Spalek, Josef"]
[Result "1-0"]
[WhiteElo "1792"]
[BlackElo "1572"]
[PlyCount "113"]
[EventDate "2004.04.15"]
[EventType "tourn"]
[EventRounds "9"]
[EventCountry "CZE"]
[SourceTitle "EXT 2006"]
[Source "ChessBase"]
[SourceDate "2005.11.24"]
[SourceVersion "1"]
[SourceVersionDate "2005.11.24"]
[SourceQuality "1"]

1. e4 e5 2. Nf3 Nc6 3. Bb5 d6 4. d4 a6 5. Bxc6+ bxc6 6. dxe5 Bg4 7. Qd3 Bxf3 8. Qxf3 dxe5 9. 0-0 Bd6 10. Nd2 Qf6 11. Qc3 Ne7 12. Nc4 0-0 13. Be3 Qe6 14. Na5 Rab8 15. a3 c5 16. b3 Kh8 17. Rae1 f5 18. Bxc5 Bxc5 19. Qxc5 Rb5 20. Qc4 Qb6 21. b4 f4 22. Qd3 Nc6 23. c4 Nxb4 24. axb4 Rxb4 25. Qd5 Qd6 26. Rd1 Ra4 27. Nc6 Qxd5 28. cxd5 Rxe4 29. Rfe1 Rxe1+ 30. Rxe1 h6 31. Rxe5 a5 32. Re4 Rf5 33. Ne7 Rf7 34. Ng6+ Kh7 35. Nxf4 Rd7 36. f3 g5 37. Ne6 Rxd5 38. Nxc7 Rc5 39. Ne6 Rc1+ 40. Kf2 Ra1 41. Nc5 h5 42. Ra4 Rb1 43. Rxa5 h4 44. h3 Kg6 45. Ne4 Rb2+ 46. Kg1 Rb6 47. Rxg5+ Kh6 48. Rd5 Rb1+ 49. Kh2 Rb2 50. Rd8 Kg7 51. Kg1 Rb1+ 52. Kf2 Rb2+ 53. Rd2 Rb7 54. Ke3 Kg6 55. Kf4 Rb6 56. Kg4 Kh6 57. Rd6+ 1-0

[Event "Brno II etapa-A"]
[Site "Brno"]
[Date "2004.05.13"]
[Round "4"]
[White "Kratochvil, Karel"]
[Black "Spalek, Josef"]
[Result "1-0"]
[WhiteElo "1928"]
[BlackElo "1572"]
[PlyCount "43"]
[EventDate "2004.04.15"]
[EventType "tourn"]
[EventRounds "9"]
[EventCountry "CZE"]
[SourceTitle "EXT 2006"]
[Source "ChessBase"]
[SourceDate "2005.11.24"]
[SourceVersion "1"]
[SourceVersionDate "2005.11.24"]
[SourceQuality "1"]

1. d4 Nf6 2. c4 e6 3. Nc3 Be7 4. Nf3 d5 5. Bg5 0-0 6. e3 Bb4 7. Qc2 h6 8. Bh4 g5 9. Bg3 Ne4 10. Bd3 Bxc3+ 11. bxc3 Nxg3 12. hxg3 Kg7 13. 0-0-0 b6 14. cxd5 Ba6 15. Bxa6 Nxa6 16. dxe6 fxe6 17. Rxh6 Rf5 18. Rdh1 Qd5 19. e4 Qc4 20. exf5 Rg8 21. f6+ Kf7 22. Qh7+ 1-0